Internal combustion engines and air pollution (Record no. 4453)

000 -LEADER
fixed length control field 00551nam a22001937a 4500
001 - CONTROL NUMBER
control field 4453
003 - CONTROL NUMBER IDENTIFIER
control field BD-DhUET
008 - FIXED-LENGTH DATA ELEMENTS--GENERAL INFORMATION
fixed length control field 141116b xxu||||| |||| 00| 0 eng d
020 ## - INTERNATIONAL STANDARD BOOK NUMBER
International Standard Book Number 0352045600
040 ## - CATALOGING SOURCE
Transcribing agency 0
Modifying agency BD-DhUET
082 ## - DEWEY DECIMAL CLASSIFICATION NUMBER
Classification number 621.43
Item number OBE/1973
100 ## - MAIN ENTRY--PERSONAL NAME
Personal name Obert, Edward F.
245 ## - TITLE STATEMENT
Title Internal combustion engines and air pollution
Remainder of title based on internal combustion engines
250 ## - EDITION STATEMENT
Edition statement 3rd ed.
260 ## - PUBLICATION, DISTRIBUTION, ETC. (IMPRINT)
Place of publication, distribution, etc. New York
Name of publisher, distributor, etc. Intext Educational Publishers
Date of publication, distribution, etc. 1973
300 ## - PHYSICAL DESCRIPTION
Extent xiii, 740 p.
Other physical details ill.
650 #0 - SUBJECT ADDED ENTRY--TOPICAL TERM
Topical term or geographic name as entry element Internal combustion engines
942 ## - ADDED ENTRY ELEMENTS (KOHA)
Koha item type General Book
Holdings
Piece designation (barcode) Koha issues (times borrowed) Source of classification or shelving scheme Lost status Damaged status Price effective from Copy number Koha date last seen Withdrawn status Shelving location Koha date last borrowed Koha item type Date acquired Location (home branch) Koha full call number Not for loan Koha normalized classification for sorting Sublocation or collection (holding branch)
421131   2014-11-16 2015-10-12 Circulation section2014-11-16General Book2014-11-16Central Library, BUET621.43/OBE/1973 621_000000000000000_43OBE1973Central Library, BUET
421113   2015-04-1322018-02-17 Circulation section2018-02-03General Book2015-04-13Central Library, BUET621.43/OBE/1973 621_430000000000000_OBE_1973Central Library, BUET
42105    2015-06-1632015-06-16 Reading section Reading Item2015-06-16Central Library, BUET621.43/OBE/1973 621_430000000000000_OBE_1973Central Library, BUET
48959    2015-06-3042015-06-30 Reading section Reading Item2015-06-30Central Library, BUET621.43/OBE/1973 621_430000000000000_OBE_1973Central Library, BUET
42108    2015-07-0252015-07-02 Reading section Reading Item2015-07-02Central Library, BUET621.43/OBE/1973 621_430000000000000_OBE_1973Central Library, BUET
48939    2015-07-0462015-07-04 Reading section Reading Item2015-07-04Central Library, BUET621.43/OBE/1973 621_430000000000000_OBE_1973Central Library, BUET